Integrated plant nutrition systems : (Record no. 19036)

000 -LEADER
fixed length control field 00893cam a2200241 a 4500
020 ## - INTERNATIONAL STANDARD BOOK NUMBER
ISBN 9251036659
040 ## - CATALOGING SOURCE
Transcribing agency SdB
082 00 - DEWEY DECIMAL CLASSIFICATION NUMBER
Classification number 631 FOO 1995 C158 Or.
245 00 - TITLE STATEMENT
Title Integrated plant nutrition systems :
Remainder of title report of an expert consultation, Rome, Italy, 13-15 December 1993 /
260 ## - PUBLICATION, DISTRIBUTION, ETC. (IMPRINT)
Place of publication Rome :
Name of publisher Food and Agriculture Organization of the United Nations,
Year of publication 1995.
300 ## - PHYSICAL DESCRIPTION
Number of Pages vii, 426 p. :
Other physical details ill. ;
Dimensions 30 cm.
500 ## - GENERAL NOTE
General note Papers from the Expert Consultation on Integrated Plant Nutrition Systems.
500 ## - GENERAL NOTE
General note "Plant Nutrition Management Service, FAO Land and Water Development Division."
500 ## - GENERAL NOTE
General note "M-52"--T.p. verso.
650 #0 - SUBJECT ADDED ENTRY--TOPICAL TERM
Topical Term Agricultural ecology
650 #0 - SUBJECT ADDED ENTRY--TOPICAL TERM
Topical Term Plant nutrients
650 #0 - SUBJECT ADDED ENTRY--TOPICAL TERM
Topical Term Soil fertility
650 #0 - SUBJECT ADDED ENTRY--TOPICAL TERM
Topical Term Crops
700 1# - ADDED ENTRY--PERSONAL NAME
Personal name Dudal, Raoul.
700 1# - ADDED ENTRY--PERSONAL NAME
Personal name Roy, R. N.
710 2# - ADDED ENTRY--CORPORATE NAME
Corporate name or jurisdiction name as entry element Food and Agriculture Organization of the United Nations.
942 ## - ADDED ENTRY ELEMENTS (KOHA)
Koha item type ADB
952 ## - LOCATION AND ITEM INFORMATION (KOHA)
Withdrawn status [LOCAL, KOHA] 0
Holdings
Koha item type Source of acquisition Lost status Permanent Location Current Location Date acquired Full call number
សៀវភៅភាសាអង់គ្លេសA38603 Library Block CLibrary Block C2020-03-02631 FOO 1995 C158 Or.
មជ្ឈមណ្ឌលឯការនៃសាកលវិទ្យាល័យភូមិន្ទកសិកម្មចំការដូង

Powered by Koha